Hallazgos y recomentaciones: para que los hechos no se repitan. Informe de la Comisión de la Verdad y la Reconciliación

Saved in:
Bibliographic Details
Format: Text
Tags: Add Tag
No Tags, Be the first to tag this record!

MARC

LEADER 00000 a a2200000 04500
001 44529
003
040
245 |a Hallazgos y recomentaciones:   |b para que los hechos no se repitan. Informe de la Comisión de la Verdad y la Reconciliación  
773 |g Tomo III, 52 páginas  
999 |c 33405  |d 33405